The family life of a Christian leader / (Record no. 21012)

MARC details
000 -LEADER
fixed length control field 01240cam a2200349 i 4500
001 - CONTROL NUMBER
control field 18873940
003 - CONTROL NUMBER IDENTIFIER
control field OSt
005 - DATE AND TIME OF LATEST TRANSACTION
control field 20251210150112.0
008 - FIXED-LENGTH DATA ELEMENTS--GENERAL INFORMATION
fixed length control field 151129s2016 ilu b 001 0 eng
010 ## - LIBRARY OF CONGRESS CONTROL NUMBER
LC control number 2015046436
020 ## - INTERNATIONAL STANDARD BOOK NUMBER
International Standard Book Number 9781433552908
Qualifying information tp
035 ## - SYSTEM CONTROL NUMBER
System control number 18873940
040 ## - CATALOGING SOURCE
Original cataloging agency DLC
Language of cataloging eng
Transcribing agency DLC
Description conventions rda
Modifying agency DLC
042 ## - AUTHENTICATION CODE
Authentication code pcc
050 00 - LIBRARY OF CONGRESS CALL NUMBER
Classification number BV4501.3
Item number .F474 2016
082 00 - DEWEY DECIMAL CLASSIFICATION NUMBER
Classification number 253/.22
Edition number 23
100 1# - MAIN ENTRY--PERSONAL NAME
Personal name Fernando, Ajith,
Relator term author.
245 14 - TITLE STATEMENT
Title The family life of a Christian leader /
Statement of responsibility, etc. Ajith Fernando.
264 #1 - PRODUCTION, PUBLICATION, DISTRIBUTION, MANUFACTURE, AND COPYRIGHT NOTICE
Place of production, publication, distribution, manufacture Wheaton :
Name of producer, publisher, distributor, manufacturer Crossway,
Date of production, publication, distribution, manufacture, or copyright notice [2016]
300 ## - PHYSICAL DESCRIPTION
Extent 223 pages ;
Dimensions 22 cm
336 ## - CONTENT TYPE
Content type term text
Content type code txt
Source rdacontent
337 ## - MEDIA TYPE
Media type term unmediated
Media type code n
Source rdamedia
338 ## - CARRIER TYPE
Carrier type term volume
Carrier type code nc
Source rdacarrier
504 ## - BIBLIOGRAPHY, ETC. NOTE
Bibliography, etc Includes bibliographical references (pages 205-211) and indexes.
650 #0 - SUBJECT ADDED ENTRY--TOPICAL TERM
Topical term or geographic name as entry element Christian life.
650 #0 - SUBJECT ADDED ENTRY--TOPICAL TERM
Topical term or geographic name as entry element Christian leadership.
650 #0 - SUBJECT ADDED ENTRY--TOPICAL TERM
Topical term or geographic name as entry element Families
General subdivision Religious life.
776 08 - ADDITIONAL PHYSICAL FORM ENTRY
Relationship information Online version:
Main entry heading Fernando, Ajith, author.
Title Family life of a Christian leader
Place, publisher, and date of publication Wheaton : Crossway, 2016
International Standard Book Number 9781433552939
Record control number (DLC) 2016013212
906 ## - LOCAL DATA ELEMENT F, LDF (RLIN)
a 7
b cbc
c orignew
d 1
e ecip
f 20
g y-gencatlg
942 ## - ADDED ENTRY ELEMENTS (KOHA)
Source of classification or shelving scheme Library of Congress Classification
Koha item type General Collection
Holdings
Withdrawn status Lost status Source of classification or shelving scheme Not for loan Home library Current library Shelving location Date acquired Source of acquisition Inventory number Total Checkouts Full call number Barcode Date last seen Copy number Price effective from Koha item type
    Library of Congress Classification   Kabarak, Main Campus Kabarak, Main Campus General Stacks 10/12/2025 Donation 2025/2723   BV4501.3 .F474 2016 C.1 39211 10/12/2025 C.1 10/12/2025 General Collection
    Library of Congress Classification   Kabarak, Main Campus Kabarak, Main Campus General Stacks 10/12/2025 Donation 2025/2725   BV4501.3 .F474 2016 C.2 39354 13/02/2026 C.2 10/12/2025 General Collection
    Library of Congress Classification   Kabarak, Main Campus Kabarak, Main Campus General Stacks 10/12/2025 Donation 2025/2730   BV4501.3 .F474 2016 C.3 39353 13/02/2026 C.3 10/12/2025 General Collection
    Library of Congress Classification   Kabarak, Main Campus Kabarak, Main Campus General Stacks 10/12/2025 Donation 2025/2729   BV4501.3 .F474 2016 C.4 38871 13/02/2026 C.4 10/12/2025 General Collection
    Library of Congress Classification   Kabarak, Main Campus Kabarak, Main Campus General Stacks 10/12/2025 Donation 2025/2724   BV4501.3 .F474 2016 C.5 38849 13/03/2026 C.5 10/12/2025 General Collection
    Library of Congress Classification   Kabarak, Main Campus Kabarak, Main Campus General Stacks 10/12/2025 Donation 2025/2727   BV4501.3 .F474 2016 C.6 39210 18/03/2026 C.6 10/12/2025 General Collection
    Library of Congress Classification   Kabarak, Main Campus Kabarak, Main Campus General Stacks 10/12/2025 Donation 2025/2722   BV4501.3 .F474 2016 C.7 38850 18/03/2026 C.7 10/12/2025 General Collection
    Library of Congress Classification   Kabarak, Nakuru City Campus Kabarak, Nakuru City Campus General Stacks 10/12/2025 Donation 2025/2728   BV4501.3 .F474 2016 C.1 38869 13/02/2026 C.1 10/12/2025 General Collection
    Library of Congress Classification   Kabarak, Nakuru City Campus Kabarak, Nakuru City Campus General Stacks 10/12/2025 Donation 2025/2726   BV4501.3 .F474 2016 C.2 39019 18/03/2026 C.2 10/12/2025 General Collection
Designed with assistance from East African Informatics Ltd